000 00488nam a2200193Ia 4500
008 151119s9999||||xx |||||||||||||| ||und||
082 _a891.463
082 _bGKKV20456
100 _aमंत्री रमेश
245 _aमहानगर
260 _a--
260 _b--
260 _c0
600 _aमंत्री रमेश
630 _aमहानगर
700 _aमंत्री रमेश
730 _aमहानगर
942 _cBOOK
999 _c1073332
_d1073329